000 00736nam a2200265 a 4500
001 BRCA_5914
005 20190320205248.0
008 180311s1922----enka######---#000-0#eng-#
041 _aeng
044 _aenk
050 4 _aNK7210
_bCh34 1922
100 1 _aChaffers, William
_d1811-1892
_97272
245 1 0 _aHall marks on gold and silver plate
_cby William Chaffers.
250 _a10
260 _aLondres
_bReeves and Turner
_c1922
300 _alix, 395 p.
_bil., 17 láminas
_c26 cm.
500 _aIncluye indice alfabético
500 _aG64
504 _aBibliografía: p. 374-383
650 1 4 _aMarcas de orfebrería
_99229
650 1 4 _aPlatería
_92745
650 1 4 _aOrfebrería
_97836
902 _aGFM
942 _2lcc
_cB
999 _c5603
_d5603